000 00754cam a2200253 a 4500
003 MX-MxUPN
005 20241129063739.0
008 191031s2004 sp a ar 000 j spa d
020 _a9788496646186
035 _aUPN01000233805
040 _aMX-MxUPN
_bspa
041 1 _aspa
_hger
050 4 _aPZ36.3
_bH435 2004
100 1 _aHeine, Helme,
_934071
_d1941-
245 1 3 _aLa liebre con la nariz roja
260 _aEspaña :
_bLóguez,
_cc2004
300 _a[10] páginas :
_bilustraciones a color
650 4 _952074
_aImagen corporal
_xLiteratura infantil
650 4 _aCuentos infantiles alemanes
_98589
650 4 _aConejos
_vCuentos y leyendas
_922085
902 _bVíctorGodínez/280524
942 _2lcc
_cLIBRO
999 _c205900
_d205900